000 00516nam a2200181Ia 4500
008 100921s9999 xx 000 0 und d
082 _b8729
_a820 थ 37
100 _aFeuchtwanger Lion .Trans Josephy Irene.
245 _aMoscow.
260 _bविक्टर गोलँग्ज,लंडन.
_c1937
300 _a174
_b---
365 _b0
520 _aललित इंग्रजी.
630 _aMoscow.
650 _aललित इंग्रजी.
730 _aMoscow.
942 _cBOOK
999 _c757842
_d757839